000 00559nam a2200193Ia 4500
005 20250508152841.0
008 008 250505s9999 xx 000 0 eng d
037 _aTextual
040 _aFEDL
_beng
_cFEDL
041 _aeng
_2eng
084 _a305, KLE
_qFEDL
100 _aKlein Alan F.
_9315431
245 0 _aRole playing in leadership training and group problem solving
260 _aNew York, USA
_bAssociation Press
_c1956
300 _axiv,176p
650 _aSocial Structure
942 _cTEXL
_h305, KLE
999 _c1339192
_d1339192